000 00414nam a2200145 4500
999 _c779
_d779
008 191218b ||||| |||| 00| 0 eng d
082 0 0 _a621.43
_bW757
100 _9304
_aWimperis, H. E.
245 1 0 _aA Primer of the International Combustion Engine
_cby H E Wimperis
250 _a2nd ed.
260 _aLondon
_bConstable
_c[n. d.]
300 _axii, 141 p.
650 0 _aInternal Combustion Engines
942 _2ddc
_cBK